[Event "21. Open Cappelle la Grande"]
[Site "Cappelle la Grande FRA"]
[Date "2005.02.13"]
[Round "3"]
[White "Plachetka, Jan"]
[Black "Malakhatko, Vadim"]
[Result "0-1"]
[WhiteElo "2441"]
[BlackElo "2569"]
[PlyCount "78"]
[EventDate "2005.02.12"]
[EventType "swiss"]
[EventRounds "9"]
[EventCountry "FRA"]
[Source "lmi"]
[SourceDate "2005.02.18"]

1. d4 d5 2. c4 c6 3. Nf3 Nf6 4. cxd5 cxd5 5. Nc3 Nc6 6. Bf4 Bf5 7. e3 e6 8. Bd3
Bxd3 9. Qxd3 Be7 10. h3 O-O 11. O-O Nd7 12. Rfc1 Rc8 13. Qb5 Qb6 14. Ne1 a6 15.
Qxb6 Nxb6 16. Kf1 g5 17. Bg3 Nc4 18. Nd3 Nb4 19. Nxb4 Bxb4 20. Nd1 f5 21. Ke2
f4 22. exf4 gxf4 23. Bh4 Rc6 24. b3 Na5 25. Rxc6 f3+ 26. gxf3 Nxc6 27. Ke3 Ba5
28. Nb2 Bc3 29. Rg1+ Kh8 30. Na4 Bxd4+ 31. Ke2 b5 32. Rc1 Rc8 33. Nc5 Bb2 34.
Rb1 Nd4+ 35. Kd3 Rxc5 36. Rxb2 Nxf3 37. Bf6+ Kg8 38. Ke3 Kf7 39. Bh8 Nh4 0-1

[Event "21. Open Cappelle la Grande"]
[Site "Cappelle la Grande FRA"]
[Date "2005.02.13"]
[Round "3"]
[White "Cyborowski, Lukasz"]
[Black "Klovans, Janis"]
[Result "1-0"]
[WhiteElo "2564"]
[BlackElo "2477"]
[PlyCount "51"]
[EventDate "2005.02.12"]
[EventType "swiss"]
[EventRounds "9"]
[EventCountry "FRA"]
[Source "lmi"]
[SourceDate "2005.02.18"]

1. e4 e5 2. Nf3 Nc6 3. Nc3 Nf6 4. Bb5 Bb4 5. O-O O-O 6. d3 Bxc3 7. bxc3 d6 8.
Bg5 Qe7 9. Re1 Nd8 10. d4 Ne6 11. Bc1 c5 12. Bf1 Rd8 13. a4 cxd4 14. cxd4 b6
15. Bb2 Bb7 16. Bd3 exd4 17. Nxd4 Nxd4 18. Bxd4 Nd7 19. a5 Bc6 20. Bf1 Nc5 21.
Ra3 f6 22. Bc4+ Kh8 23. Rh3 Be8 24. Bd5 Rab8 25. Qg4 Bf7 26. Qf5 1-0

[Event "21. Open Cappelle la Grande"]
[Site "Cappelle la Grande FRA"]
[Date "2005.02.14"]
[Round "4"]
[White "Abeln, M."]
[Black "Oleksienko, Mikhailo"]
[Result "0-1"]
[WhiteElo "2330"]
[BlackElo "2469"]
[PlyCount "74"]
[EventDate "2005.02.12"]
[EventType "swiss"]
[EventRounds "9"]
[EventCountry "FRA"]
[Source "lmi"]
[SourceDate "2005.02.18"]

1. d4 Nf6 2. c4 c5 3. d5 e6 4. Nc3 exd5 5. cxd5 d6 6. e4 g6 7. Bd3 Bg7 8. h3
O-O 9. Nf3 Bd7 10. a4 Na6 11. O-O Nb4 12. Bc4 a6 13. Re1 Rb8 14. a5 b5 15. axb6
Qxb6 16. e5 dxe5 17. Nxe5 Bb5 18. d6 Rbd8 19. Nxb5 axb5 20. Bxf7+ Rxf7 21. Nxf7
Kxf7 22. Re7+ Kg8 23. Bg5 Nbd5 24. Bxf6 Nxf6 25. Re6 c4 26. Qf3 Rxd6 27. Ra8+
Kf7 28. Rxd6 Qxd6 29. Qb7+ Qe7 30. Qxb5 Qe1+ 31. Kh2 Ng4+ 32. hxg4 Be5+ 33. g3
Qxf2+ 34. Kh1 Qf3+ 35. Kg1 Bd4+ 36. Kh2 Qf2+ 37. Kh3 Qf1+ 0-1

[Event "21. Open Cappelle la Grande"]
[Site "Cappelle la Grande FRA"]
[Date "2005.02.14"]
[Round "4"]
[White "Anka, Emil"]
[Black "Jakubowski, Krzysztof"]
[Result "1-0"]
[WhiteElo "2437"]
[BlackElo "2488"]
[PlyCount "109"]
[EventDate "2005.02.12"]
[EventType "swiss"]
[EventRounds "9"]
[EventCountry "FRA"]
[Source "lmi"]
[SourceDate "2005.02.18"]

1. d4 Nf6 2. Nf3 e6 3. c4 d5 4. g3 dxc4 5. Qa4+ Bd7 6. Qxc4 Bc6 7. Bg2 Be7 8.
Nc3 Nbd7 9. Bg5 h6 10. Bxf6 Nxf6 11. O-O O-O 12. b4 a6 13. a4 Bd5 14. Nxd5 exd5
15. Qb3 c6 16. Rfd1 Ne4 17. Ne5 Nd6 18. e3 Bf6 19. Nd3 h5 20. Qc2 Re8 21. Nc5
Qe7 22. Bf1 h4 23. Qe2 a5 24. bxa5 Rxa5 25. Nb3 Ra7 26. Rdc1 Ne4 27. a5 Bg5 28.
Bg2 Nxf2 29. Kxf2 Bxe3+ 30. Kf1 Qf6+ 31. Qf3 h3 32. Qxf6 hxg2+ 33. Kxg2 gxf6
34. Re1 Raa8 35. Kf3 Bh6 36. Rxe8+ Rxe8 37. Nc5 Re3+ 38. Kf2 Re7 39. Re1 Rxe1
40. Kxe1 Be3 41. Nxb7 Bxd4 42. a6 Bb6 43. Nd8 c5 44. Nc6 Kg7 45. a7 Bxa7 46.
Nxa7 Kg6 47. Ke2 Kg5 48. Kf3 d4 49. Nb5 d3 50. Nd6 f5 51. h4+ Kf6 52. Nc4 Ke6
53. Ke3 f4+ 54. gxf4 Kf5 55. h5 1-0

[Event "21. Open Cappelle la Grande"]
[Site "Cappelle la Grande FRA"]
[Date "2005.02.14"]
[Round "4"]
[White "Czarnota, Dorota"]
[Black "Kovchan, Alexander"]
[Result "1/2-1/2"]
[WhiteElo "2212"]
[BlackElo "2485"]
[PlyCount "98"]
[EventDate "2005.02.12"]
[EventType "swiss"]
[EventRounds "9"]
[EventCountry "FRA"]
[Source "lmi"]
[SourceDate "2005.02.18"]

1. e4 c5 2. Nf3 d6 3. d4 cxd4 4. Nxd4 Nf6 5. Nc3 a6 6. Be2 e5 7. Nb3 Be7 8. Bg5
Be6 9. Bxf6 Bxf6 10. Qd3 Nc6 11. O-O-O Nd4 12. Nxd4 exd4 13. Nd5 Bxd5 14. exd5
O-O 15. Qf3 Re8 16. Bd3 Re5 17. Kb1 Qa5 18. g4 Rae8 19. h4 Re1 20. g5 Rxh1 21.
Qxh1 Bd8 22. f4 Qc7 23. Re1 Rxe1+ 24. Qxe1 Qe7 25. Qxe7 Bxe7 26. Bf5 a5 27. Kc1
g6 28. Bc8 b5 29. Kd2 h6 30. Bd7 b4 31. Kd3 hxg5 32. hxg5 f6 33. gxf6 Bxf6 34.
b3 g5 35. fxg5 Bxg5 36. Kxd4 Kf7 37. Kc4 Ke7 38. Be6 Kd8 39. Kb5 Kc7 40. Kxa5
Bd2 41. Kb5 Bc3 42. Bf5 Kb7 43. Kc4 Be1 44. Kb5 Bc3 45. Be4 Kc7 46. Ka6 Bd2 47.
c4 Be1 48. Kb5 Bd2 49. c5 Be1 1/2-1/2

[Event "21. Open Cappelle la Grande"]
[Site "Cappelle la Grande FRA"]
[Date "2005.02.14"]
[Round "4"]
[White "Gonzalez Garcia, Jose"]
[Black "Midoux, Sebastien"]
[Result "1-0"]
[WhiteElo "2470"]
[BlackElo "2310"]
[PlyCount "43"]
[EventDate "2005.02.12"]
[EventType "swiss"]
[EventRounds "9"]
[EventCountry "FRA"]
[Source "lmi"]
[SourceDate "2005.02.18"]

1. d4 d5 2. c4 e6 3. Nc3 Nf6 4. cxd5 exd5 5. Bg5 Be7 6. e3 c6 7. Bd3 Nbd7 8.
Qc2 O-O 9. Nge2 Re8 10. O-O Nf8 11. f3 h6 12. Bh4 Ne6 13. Rac1 a6 14. Kh1 Qc7
15. Qb3 b5 16. Bb1 Bd7 17. Qc2 Rad8 18. e4 dxe4 19. fxe4 Nh7 20. Bg3 Qb6 21. e5
g6 22. Rxf7 1-0

[Event "21. Open Cappelle la Grande"]
[Site "Cappelle la Grande FRA"]
[Date "2005.02.14"]
[Round "4"]
[White "Gouliev, Namig"]
[Black "Wang Yu1"]
[Result "1/2-1/2"]
[WhiteElo "2514"]
[BlackElo "2390"]
[PlyCount "99"]
[EventDate "2005.02.12"]
[EventType "swiss"]
[EventRounds "9"]
[EventCountry "FRA"]
[Source "lmi"]
[SourceDate "2005.02.18"]

1. e4 e5 2. Nf3 Nc6 3. Bb5 a6 4. Ba4 Nf6 5. O-O Be7 6. Re1 b5 7. Bb3 d6 8. h3
O-O 9. c3 Na5 10. Bc2 c5 11. d4 Qc7 12. Nbd2 cxd4 13. cxd4 Nc6 14. a3 Bd7 15.
Nb3 a5 16. Be3 a4 17. Nbd2 Rfc8 18. Bd3 Qb7 19. Qe2 Rab8 20. d5 Na5 21. Reb1
Qa8 22. b4 axb3 23. Nxb3 Bd8 24. Bd2 Nc4 25. Bb4 Nh5 26. g3 Bxh3 27. Ng5 Nxg3
28. Qf3 Bxg5 29. Qxg3 Bf4 30. Qxh3 f5 31. Qxf5 Rf8 32. Qe6+ Kh8 33. Bxc4 Rf6
34. Qd7 bxc4 35. Na5 c3 36. Bxc3 Rg6+ 37. Kh1 Rf8 38. Rb7 Be3 39. Be1 Rh6+ 40.
Kg2 Rg6+ 41. Kf1 Qxa5 42. Ke2 Rxf2+ 43. Kd3 Rd2+ 44. Kc4 Rd4+ 45. Kb3 Rd3+ 46.
Kc2 Rd2+ 47. Kb3 Rd3+ 48. Kc2 Rd2+ 49. Kb3 Rd3+ 50. Kc2 1/2-1/2

[Event "21. Open Cappelle la Grande"]
[Site "Cappelle la Grande FRA"]
[Date "2005.02.14"]
[Round "4"]
[White "Kasparov, Sergey"]
[Black "Jaracz, Pawel"]
[Result "1/2-1/2"]
[WhiteElo "2464"]
[BlackElo "2532"]
[PlyCount "82"]
[EventDate "2005.02.12"]
[EventType "swiss"]
[EventRounds "9"]
[EventCountry "FRA"]
[Source "lmi"]
[SourceDate "2005.02.18"]

1. g3 Nf6 2. Bg2 e5 3. c4 h6 4. Nc3 Bb4 5. Nf3 Nc6 6. O-O O-O 7. b3 Bxc3 8.
dxc3 d6 9. Ne1 Be6 10. Nc2 Qd7 11. Re1 Bh3 12. Bh1 Nh7 13. c5 Rad8 14. cxd6
cxd6 15. e4 f5 16. exf5 Qxf5 17. Qe2 d5 18. Ba3 Rfe8 19. Rad1 Qf7 20. f3 Bc8
21. Bc1 Nf6 22. Qf2 Qg6 23. Ne3 Rf8 24. Qe2 Kh8 25. Bb2 Rfe8 26. Qc2 Qf7 27.
Bg2 Nh7 28. Rf1 Ng5 29. h4 Nh7 30. f4 Nf6 31. fxe5 Rxe5 32. Qf2 Qe7 33. Bc1 Be6
34. Rde1 Ne4 35. Bxe4 Rxe4 36. Ng2 Bh3 37. Nf4 Bf5 38. Be3 b6 39. Bd4 Nxd4 40.
cxd4 Qd6 41. Rxe4 Bxe4 1/2-1/2

[Event "21. Open Cappelle la Grande"]
[Site "Cappelle la Grande FRA"]
[Date "2005.02.14"]
[Round "4"]
[White "Kuczynski, Robert"]
[Black "Burmakin, Vladimir"]
[Result "1/2-1/2"]
[WhiteElo "2475"]
[BlackElo "2554"]
[PlyCount "23"]
[EventDate "2005.02.12"]
[EventType "swiss"]
[EventRounds "9"]
[EventCountry "FRA"]
[Source "lmi"]
[SourceDate "2005.02.18"]

1. e4 c6 2. d4 d5 3. Nd2 Nh6 4. Ngf3 g6 5. Bd3 dxe4 6. Nxe4 Bg7 7. h3 Nf5 8. c3
Nd6 9. O-O Nxe4 10. Bxe4 Nd7 11. Re1 O-O 12. Bc2 1/2-1/2

[Event "21. Open Cappelle la Grande"]
[Site "Cappelle la Grande FRA"]
[Date "2005.02.14"]
[Round "4"]
[White "Rozentalis, Eduardas"]
[Black "Yrjola, Jouni"]
[Result "1/2-1/2"]
[WhiteElo "2584"]
[BlackElo "2401"]
[PlyCount "33"]
[EventDate "2005.02.12"]
[EventType "swiss"]
[EventRounds "9"]
[EventCountry "FRA"]
[Source "lmi"]
[SourceDate "2005.02.18"]

1. e4 d6 2. d4 Nf6 3. Nc3 g6 4. g3 Bg7 5. Bg2 O-O 6. Nge2 e5 7. h3 Nc6 8. Be3
Bd7 9. O-O exd4 10. Nxd4 Re8 11. Nde2 b5 12. a3 a5 13. Qc1 Rb8 14. Bg5 Qc8 15.
Nf4 h6 16. Bxf6 Bxf6 17. Ncd5 1/2-1/2

[Event "21. Open Cappelle la Grande"]
[Site "Cappelle la Grande FRA"]
[Date "2005.02.14"]
[Round "4"]
[White "Socko, Bartosz"]
[Black "Zozulia, Anna"]
[Result "1-0"]
[WhiteElo "2591"]
[BlackElo "2411"]
[PlyCount "74"]
[EventDate "2005.02.12"]
[EventType "swiss"]
[EventRounds "9"]
[EventCountry "FRA"]
[Source "lmi"]
[SourceDate "2005.02.18"]

1. e4 c5 2. Nf3 Nc6 3. d4 cxd4 4. Nxd4 e5 5. Nb5 d6 6. N1c3 a6 7. Na3 Be6 8.
Nc4 b5 9. Ne3 Nf6 10. Bd3 Be7 11. a4 b4 12. Ncd5 O-O 13. O-O Nd7 14. Bd2 a5 15.
c3 bxc3 16. Bxc3 Nc5 17. Bc2 Rb8 18. f4 exf4 19. Nf5 Bxf5 20. exf5 Ne5 21. Bxa5
Qxa5 22. Nxe7+ Kh8 23. f6 Ne6 24. fxg7+ Nxg7 25. Kh1 Rxb2 26. Be4 Qd8 27. Nc6
Nxc6 28. Bxc6 Qc7 29. Bf3 Ne6 30. a5 Rd8 31. Qd5 Qa7 32. Qf5 Qd4 33. a6 Rf2 34.
Rfd1 Rd2 35. Rdb1 Nc7 36. Be4 Qg7 37. Qa5 Ra8 1-0

[Event "21. Open Cappelle la Grande"]
[Site "Cappelle la Grande FRA"]
[Date "2005.02.14"]
[Round "4"]
[White "Szelag, Marcin"]
[Black "Spraggett, Kevin"]
[Result "1/2-1/2"]
[WhiteElo "2474"]
[BlackElo "2589"]
[PlyCount "65"]
[EventDate "2005.02.12"]
[EventType "swiss"]
[EventRounds "9"]
[EventCountry "FRA"]
[Source "lmi"]
[SourceDate "2005.02.18"]

1. e4 c5 2. Nf3 e6 3. d4 cxd4 4. Nxd4 a6 5. Bd3 Nf6 6. O-O d6 7. c4 Qc7 8. Nc3
Nbd7 9. f4 Be7 10. Qe2 O-O 11. Kh1 Re8 12. Bd2 b6 13. Rae1 Bb7 14. e5 dxe5 15.
fxe5 Qxe5 16. Qxe5 Nxe5 17. Rxe5 Rad8 18. Nce2 Ng4 19. Rh5 g6 20. Rh3 Bc5 21.
Rg3 f5 22. Bc3 e5 23. Bxf5 exd4 24. Bxg4 dxc3 25. Nxc3 Bf2 26. Rh3 Kg7 27. Nd5
h5 28. Rf3 Bxd5 29. cxd5 hxg4 30. R3xf2 Rxd5 31. g3 Kh6 32. Kg2 Rh8 33. Rh1
1/2-1/2

[Event "21. Open Cappelle la Grande"]
[Site "Cappelle la Grande FRA"]
[Date "2005.02.14"]
[Round "4"]
[White "Thorhallsson, Throstur"]
[Black "Hebden, Mark"]
[Result "0-1"]
[WhiteElo "2455"]
[BlackElo "2521"]
[PlyCount "144"]
[EventDate "2005.02.12"]
[EventType "swiss"]
[EventRounds "9"]
[EventCountry "FRA"]
[Source "lmi"]
[SourceDate "2005.02.18"]

1. e4 e5 2. d4 exd4 3. Qxd4 Nc6 4. Qe3 Nb4 5. Na3 Nf6 6. e5 Nfd5 7. Qe4 d6 8.
c3 dxe5 9. cxb4 Bxb4+ 10. Bd2 Bxd2+ 11. Kxd2 O-O 12. Ke1 c6 13. Be2 Qf6 14. Nc4
Re8 15. Ne3 Be6 16. Nf3 Rad8 17. Qxe5 Qg6 18. Kf1 Bf5 19. Qg3 Qf6 20. Re1 Nxe3+
21. fxe3 Qxb2 22. Qf4 Bg6 23. Kf2 Re4 24. Qc7 Rde8 25. Kg3 Qb4 26. Bd1 h6 27.
Bb3 a5 28. Re2 a4 29. Bc2 Rg4+ 30. Kf2 Qc4 31. Bxg6 Rxg2+ 32. Kxg2 Qxe2+ 33.
Kg3 fxg6 34. Re1 Qxa2 35. Rd1 Qe6 36. Qxb7 Qf6 37. Rc1 Rxe3 38. Qxc6 Rxf3+ 39.
Qxf3 Qg5+ 40. Qg4 Qxc1 41. Qxa4 Qg1+ 42. Kh3 Kh7 43. Qd7 h5 44. Qe6 Qf1+ 45.
Kg3 g5 46. Qe7 Qg1+ 47. Kf3 Qg4+ 48. Kf2 Qf4+ 49. Kg2 g4 50. Qe8 Qf3+ 51. Kg1
g3 52. hxg3 Qxg3+ 53. Kh1 Qf3+ 54. Kg1 Qf5 55. Kh2 Qg6 56. Qd8 Kh6 57. Qd2+ Qg5
58. Qd6+ Qf6 59. Qb8 g5 60. Kg2 h4 61. Qe8 Qb2+ 62. Kg1 Qd4+ 63. Kh1 Qd5+ 64.
Kg1 Kg7 65. Qe7+ Kg6 66. Qe8+ Kf5 67. Qc8+ Kf4 68. Kh2 Qe5 69. Kg2 Qe2+ 70. Kh1
g4 71. Qc1+ Kg3 72. Qe3+ Qf3+ 0-1

[Event "21. Open Cappelle la Grande"]
[Site "Cappelle la Grande FRA"]
[Date "2005.02.14"]
[Round "4"]
[White "Timoshenko, Georgy"]
[Black "Olszewski, Michal"]
[Result "1/2-1/2"]
[WhiteElo "2546"]
[BlackElo "2339"]
[PlyCount "52"]
[EventDate "2005.02.12"]
[EventType "swiss"]
[EventRounds "9"]
[EventCountry "FRA"]
[Source "lmi"]
[SourceDate "2005.02.18"]

1. e4 e5 2. Nf3 Nc6 3. Bb5 a6 4. Ba4 Nf6 5. O-O Be7 6. Re1 b5 7. Bb3 d6 8. c3
O-O 9. h3 Bb7 10. d4 Qd7 11. Nbd2 Rad8 12. Bc2 Rfe8 13. d5 Nb8 14. b3 c6 15. c4
a5 16. Nf1 bxc4 17. bxc4 Na6 18. N3d2 Qc7 19. Nb3 cxd5 20. exd5 Qxc4 21. Ne3
Qc7 22. Bd2 Nb4 23. Rc1 Qb6 24. Nxa5 Nxc2 25. Qxc2 Bxd5 26. Nxd5 Nxd5 1/2-1/2

[Event "21. Open Cappelle la Grande"]
[Site "Cappelle la Grande FRA"]
[Date "2005.02.14"]
[Round "4"]
[White "Vuckovic, Bojan"]
[Black "Shaw, John"]
[Result "1/2-1/2"]
[WhiteElo "2525"]
[BlackElo "2445"]
[PlyCount "59"]
[EventDate "2005.02.12"]
[EventType "swiss"]
[EventRounds "9"]
[EventCountry "FRA"]
[Source "lmi"]
[SourceDate "2005.02.18"]

1. e4 c5 2. Nf3 Nc6 3. d4 cxd4 4. Nxd4 Nf6 5. Nc3 e5 6. Ndb5 h6 7. Nd6+ Bxd6 8.
Qxd6 Qe7 9. Qxe7+ Kxe7 10. Be3 d6 11. h3 Be6 12. O-O-O Rac8 13. Be2 a6 14. g4
Nb4 15. a3 Na2+ 16. Nxa2 Bxa2 17. Bf3 Nd7 18. Kd2 Be6 19. Kc1 g5 20. h4 f6 21.
Rh2 Bb3 22. Rd2 Bf7 23. Rh1 Bg6 24. b3 Nc5 25. Bxc5 dxc5 26. h5 Bf7 27. Rhd1
Rhd8 28. Rxd8 Rxd8 29. Rxd8 Kxd8 30. c4 1/2-1/2

[Event "21. Open Cappelle la Grande"]
[Site "Cappelle la Grande FRA"]
[Date "2005.02.15"]
[Round "5"]
[White "Adrian, Claude"]
[Black "Vul, Arkadi Eremeevich"]
[Result "1/2-1/2"]
[WhiteElo "2305"]
[BlackElo "2430"]
[PlyCount "41"]
[EventDate "2005.02.12"]
[EventType "swiss"]
[EventRounds "9"]
[EventCountry "FRA"]
[Source "lmi"]
[SourceDate "2005.02.18"]

1. c4 e6 2. Nf3 d5 3. d4 Nf6 4. g3 dxc4 5. Bg2 Nbd7 6. O-O Rb8 7. Qc2 a6 8.
Qxc4 b5 9. Qc2 Bb7 10. Bf4 Rc8 11. a4 b4 12. Ne5 Bxg2 13. Kxg2 c5 14. a5 Nxe5
15. dxe5 Nd5 16. Rd1 Qc7 17. Qc4 Qc6 18. e4 Nxf4+ 19. gxf4 Be7 20. Nd2 O-O 21.
Nf3 1/2-1/2

[Event "21. Open Cappelle la Grande"]
[Site "Cappelle la Grande FRA"]
[Date "2005.02.15"]
[Round "5"]
[White "Bruned, Yvalin"]
[Black "Socko, Monika"]
[Result "0-1"]
[WhiteElo "2331"]
[BlackElo "2441"]
[PlyCount "82"]
[EventDate "2005.02.12"]
[EventType "swiss"]
[EventRounds "9"]
[EventCountry "FRA"]
[Source "lmi"]
[SourceDate "2005.02.18"]

1. e4 e6 2. d4 d5 3. Nc3 Bb4 4. e5 c5 5. a3 Bxc3+ 6. bxc3 Nc6 7. Qg4 g6 8. Qd1
Qa5 9. Bd2 Qa4 10. Be3 c4 11. Ne2 Bd7 12. h4 h6 13. Nf4 O-O-O 14. g3 Rf8 15.
Bg2 Kb8 16. Kd2 Nge7 17. Bh3 Ka8 18. Qe2 a6 19. Qd1 Rd8 20. Qb1 Nc8 21. Ke2
N8a7 22. Qb2 Nb5 23. Bd2 g5 24. Nh5 Ncxd4+ 25. cxd4 c3 26. Bxc3 Rc8 27. Bd2
Nxd4+ 28. Kf1 Rxc2 29. Qb4 Nb3 30. Nf6 Nxd2+ 31. Kg2 Qxb4 32. axb4 Bb5 33. hxg5
hxg5 34. Bg4 Rxh1 35. Rxh1 Nc4 36. Rh8+ Ka7 37. Kf3 Nxe5+ 38. Ke3 d4+ 39. Ke4
Nxg4 40. Nxg4 f5+ 41. Kxd4 fxg4 0-1

[Event "21. Open Cappelle la Grande"]
[Site "Cappelle la Grande FRA"]
[Date "2005.02.15"]
[Round "5"]
[White "Burg, Twan"]
[Black "Genov, Petar"]
[Result "1/2-1/2"]
[WhiteElo "2099"]
[BlackElo "2470"]
[PlyCount "70"]
[EventDate "2005.02.12"]
[EventType "swiss"]
[EventRounds "9"]
[EventCountry "FRA"]
[Source "lmi"]
[SourceDate "2005.02.18"]

1. e4 c5 2. Nf3 d6 3. d4 cxd4 4. Nxd4 Nf6 5. Nc3 a6 6. Bg5 Nbd7 7. f4 b5 8. Qf3
Bb7 9. Bd3 e6 10. O-O-O Qb6 11. Nb3 b4 12. Nb1 a5 13. Rhe1 Rc8 14. Qe2 a4 15.
N3d2 Qc7 16. Nf3 h6 17. Bxf6 gxf6 18. Bb5 a3 19. b3 Be7 20. Nd4 Kf8 21. Bc4 Nc5
22. f5 Bxe4 23. fxe6 d5 24. Qh5 Bg6 25. Qxd5 Qf4+ 26. Rd2 Rd8 27. g3 Nd3+ 28.
cxd3 Rxd5 29. gxf4 Rxd4 30. exf7 Bxf7 31. Bxf7 Kxf7 32. Re4 Rhd8 33. Kc2 f5 34.
Rxd4 Rxd4 35. Rf2 Bd6 1/2-1/2

[Event "21. Open Cappelle la Grande"]
[Site "Cappelle la Grande FRA"]
[Date "2005.02.15"]
[Round "5"]
[White "Chernyshov, Konstantin"]
[Black "Ushenina, Anna"]
[Result "1-0"]
[WhiteElo "2556"]
[BlackElo "2357"]
[PlyCount "57"]
[EventDate "2005.02.12"]
[EventType "swiss"]
[EventRounds "9"]
[EventCountry "FRA"]
[Source "lmi"]
[SourceDate "2005.02.18"]

1. d4 d5 2. c4 dxc4 3. Nc3 e5 4. d5 c6 5. e4 Nf6 6. Bxc4 Bb4 7. Qb3 Qa5 8. Bd2
b5 9. Be2 O-O 10. Nf3 cxd5 11. exd5 e4 12. Nd4 Bb7 13. Rd1 a6 14. Nf5 Nbd7 15.
a3 Bxc3 16. Bxc3 Qb6 17. O-O Nc5 18. Qc2 Ncd7 19. Qc1 Rfe8 20. Qg5 g6 21. Bd4
Qc7 22. d6 Qd8 23. Rc1 Re6 24. Rc7 Bd5 25. Rxd7 Qxd7 26. Ne7+ Kf8 27. Bxf6 Rxd6
28. Nxd5 Rxd5 29. Qh6+ 1-0

[Event "21. Open Cappelle la Grande"]
[Site "Cappelle la Grande FRA"]
[Date "2005.02.15"]
[Round "5"]
[White "Ciuksyte, Dagne"]
[Black "Perunovic, Milos"]
[Result "1/2-1/2"]
[WhiteElo "2360"]
[BlackElo "2564"]
[PlyCount "81"]
[EventDate "2005.02.12"]
[EventType "swiss"]
[EventRounds "9"]
[EventCountry "FRA"]
[Source "lmi"]
[SourceDate "2005.02.18"]

1. e4 c5 2. Nf3 Nc6 3. d4 cxd4 4. Nxd4 Qc7 5. Nc3 e6 6. Be2 a6 7. O-O Nf6 8.
Be3 Be7 9. f4 d6 10. Qe1 O-O 11. Qg3 Nxd4 12. Bxd4 b5 13. a3 Bb7 14. Rae1 Rae8
15. Kh1 Bc6 16. Bf3 Rd8 17. Nd1 d5 18. e5 Ne4 19. Bxe4 dxe4 20. Qe3 Qb7 21. c3
Bd5 22. Nf2 Bc4 23. Rg1 Bh4 24. g3 Be7 25. h3 a5 26. Kh2 b4 27. axb4 axb4 28.
Ra1 Ra8 29. cxb4 Qxb4 30. Nxe4 Bd5 31. Nd6 f6 32. Qc3 Qb8 33. Rxa8 Qxa8 34. Qa3
Qc6 35. Qc5 Qa4 36. Rc1 Rd8 37. Qa7 Qxa7 38. Bxa7 Bxd6 39. exd6 Rxd6 40. Rc8+
Kf7 41. Bc5 1/2-1/2

[Event "21. Open Cappelle la Grande"]
[Site "Cappelle la Grande FRA"]
[Date "2005.02.15"]
[Round "5"]
[White "Degraeve, Jean Marc"]
[Black "Daly, Colm"]
[Result "1-0"]
[WhiteElo "2569"]
[BlackElo "2370"]
[PlyCount "105"]
[EventDate "2005.02.12"]
[EventType "swiss"]
[EventRounds "9"]
[EventCountry "FRA"]
[Source "lmi"]
[SourceDate "2005.02.18"]

1. e4 d5 2. exd5 Qxd5 3. Nc3 Qa5 4. d4 Nf6 5. Bc4 c6 6. Bd2 Bf5 7. Nd5 Qd8 8.
Nxf6+ gxf6 9. Ne2 e6 10. Bb3 Bd6 11. Bf4 Bxf4 12. Nxf4 Nd7 13. Qh5 Bg6 14. Nxg6
fxg6 15. Qh3 Nf8 16. O-O-O Kf7 17. f4 Qd7 18. Rhf1 Kg7 19. g4 h5 20. g5 f5 21.
Qe3 Rh7 22. Rfe1 Kh8 23. h4 Rg7 24. Kb1 Rd8 25. c4 Qc7 26. d5 exd5 27. cxd5
cxd5 28. Rxd5 Rxd5 29. Bxd5 Kh7 30. a3 Qd6 31. Bb3 Nd7 32. Rc1 Nb6 33. Rd1 Re7
34. Qc3 Qxf4 35. Bg8+ Kxg8 36. Rd8+ Re8 37. Rxe8+ Kf7 38. Re1 Nd5 39. Qb3 Qd6
40. Qxb7+ Ne7 41. Qxa7 f4 42. Qxe7+ Qxe7 43. Rxe7+ Kxe7 44. Kc2 Ke6 45. Kd3 Kf5
46. Ke2 Kg4 47. Kf2 Kxh4 48. a4 Kxg5 49. a5 Kh4 50. a6 g5 51. a7 g4 52. a8=Q f3
53. Qg8 1-0

[Event "21. Open Cappelle la Grande"]
[Site "Cappelle la Grande FRA"]
[Date "2005.02.15"]
[Round "5"]
[White "Delemarre, Jop"]
[Black "Brunner, Nicolas"]
[Result "1-0"]
[WhiteElo "2427"]
[BlackElo "2288"]
[PlyCount "75"]
[EventDate "2005.02.12"]
[EventType "swiss"]
[EventRounds "9"]
[EventCountry "FRA"]
[Source "lmi"]
[SourceDate "2005.02.18"]

1. d4 Nf6 2. c4 c5 3. d5 b5 4. cxb5 a6 5. bxa6 g6 6. Nc3 Bxa6 7. g3 d6 8. Bg2
Bg7 9. Nf3 Nbd7 10. Rb1 Nb6 11. b3 Bb7 12. Nh4 O-O 13. O-O Ne8 14. Qc2 Nc7 15.
e4 e6 16. dxe6 fxe6 17. Re1 Bxc3 18. Qxc3 Rxa2 19. Rb2 Ra7 20. Bh6 Rf7 21. f4
Nb5 22. Qf3 Nd7 23. Qe2 Qf6 24. e5 dxe5 25. fxe5 Qe7 26. Bxb7 Rxb7 27. Nf3 Nc3
28. Qd3 Nd5 29. Qa6 Nb8 30. Qe2 Nc6 31. Ra2 Rxb3 32. Ng5 Rf5 33. Ra8+ Nb8 34.
Qa6 Rxg5 35. Qc8+ Kf7 36. Bxg5 Qxg5 37. Rf1+ Ke7 38. Ra7+ 1-0

[Event "21. Open Cappelle la Grande"]
[Site "Cappelle la Grande FRA"]
[Date "2005.02.15"]
[Round "5"]
[White "Denayer, Eric"]
[Black "Kryvoruchko, Yuriy"]
[Result "0-1"]
[WhiteElo "2189"]
[BlackElo "2474"]
[PlyCount "46"]
[EventDate "2005.02.12"]
[EventType "swiss"]
[EventRounds "9"]
[EventCountry "FRA"]
[Source "lmi"]
[SourceDate "2005.02.18"]

1. d4 Nf6 2. c4 c5 3. d5 b5 4. cxb5 a6 5. bxa6 Bxa6 6. Nc3 g6 7. e4 Bxf1 8.
Kxf1 d6 9. g4 Bg7 10. Kg2 O-O 11. g5 Nh5 12. Nge2 f5 13. Ng3 f4 14. Nxh5 f3+
15. Kf1 gxh5 16. Be3 Nd7 17. Qc1 Ne5 18. g6 hxg6 19. Bh6 Qd7 20. h3 Rfb8 21.
Bxg7 Kxg7 22. b3 Qa7 23. Kg1 Rxb3 0-1

[Event "21. Open Cappelle la Grande"]
[Site "Cappelle la Grande FRA"]
[Date "2005.02.15"]
[Round "5"]
[White "Dziuba, Marcin"]
[Black "Gouliev, Namig"]
[Result "1-0"]
[WhiteElo "2416"]
[BlackElo "2514"]
[PlyCount "113"]
[EventDate "2005.02.12"]
[EventType "swiss"]
[EventRounds "9"]
[EventCountry "FRA"]
[Source "lmi"]
[SourceDate "2005.02.18"]

1. d4 d5 2. Nf3 Nf6 3. c4 e6 4. Nc3 dxc4 5. e3 c5 6. Bxc4 a6 7. a4 Nc6 8. O-O
cxd4 9. exd4 Be7 10. Re1 O-O 11. Bg5 Bd7 12. Qd2 Nb4 13. Ne5 Bc6 14. Nxc6 bxc6
15. a5 Nfd5 16. Bxe7 Qxe7 17. Ne4 Nc7 18. Nc5 Nbd5 19. Ra3 Nb5 20. Rg3 Rfd8 21.
Re5 Ra7 22. Qh6 g6 23. Rh3 Nf6 24. Nxe6 fxe6 25. Rxe6 Qf7 26. Rxc6 Nd5 27.
Rxg6+ Qxg6 28. Rg3 Rg7 29. Rxg6 Rxg6 30. Qh4 Rgd6 31. Qg5+ Kf7 32. Qh5+ Kg7 33.
Qg5+ Kf7 34. Qf5+ Kg7 35. h4 Nbc7 36. h5 Rf6 37. Qg5+ Kf8 38. g3 Rd7 39. h6 Rg6
40. Qf5+ Ke8 41. Qh5 Kd8 42. Bd3 Rf6 43. Qg5 Re7 44. Bxh7 Kc8 45. Bg8 Re1+ 46.
Kg2 Re2 47. Qg4+ Ne6 48. Qxe2 Ndf4+ 49. gxf4 Nxf4+ 50. Kf1 Nxe2 51. h7 Rh6 52.
Kxe2 Kd7 53. b4 Kc6 54. d5+ Kd6 55. b5 axb5 56. a6 Kc7 57. d6+ 1-0